| 000 | 00853cab a2200277 4500 | ||
|---|---|---|---|
| 001 | ABS59741 | ||
| 008 | 090401t1998 xxu||||| |||| 00| 0 eng d | ||
| 035 | _a(Sirsi) u89558 | ||
| 041 | _aeng | ||
| 100 | _aGasson, R. | ||
| 245 | _aTrends in provision of tied cottages | ||
| 260 | _c1998 | ||
| 350 | _a0 | ||
| 490 |
_aFarm Management _v10(3) Autumn 1998, 134-144(11) |
||
| 520 | _aConsiders the current pattern of provision of agricultural tied housing in England and Wales, and discusses posssible reasons for the decline of the tied cottage system. Includes references. | ||
| 650 | _aAGRICULTURAL WORKERS | ||
| 650 | _aHOUSING PROVISION | ||
| 650 | _aLEGISLATION | ||
| 650 | _aMARKET RENTS | ||
| 650 | _aTIED COTTAGES | ||
| 650 | _aTRENDS | ||
| 650 | _aWORKFORCE | ||
| 690 | _aRURAL PRACTICE | ||
| 942 | _n0 | ||
| 948 | _c09/11/1998 | ||
| 999 |
_c56676 _d56676 |
||